000 00745nam a2200253Ia 4500
003 OSt
005 20220927103338.0
006 a|||||r|||| 00| 0
007 ta
008 220926b |||||||| |||| 00| 0 eng d
024 _a75445
037 _cReference Collections
040 _aRTL
_cRTL
_beng
041 _2eng
_aeng
082 _a"XM5k5, L0/RR"
100 _aGrayLionel F
_9356967
245 0 _aJane's major companies of Europe
260 _aLondonJane's
_bYearbooks
_c1970
300 _a123p
_ccm.
500 _aPublished previously as Beerman's financial yearbook of Europe
650 _aJoint Stock Company
_9356968
942 _h"XM5k5, L0/RR"
_cCC
999 _c682717
_d682717